| 000 | 01461cam a22002777i 4500 | ||
|---|---|---|---|
| 999 |
_c129181 _d129181 |
||
| 001 | 2046499 | ||
| 003 | ARRUPE | ||
| 005 | 20190312103531.0 | ||
| 007 | hduafa---baca | ||
| 007 | hdubfa---baaa | ||
| 008 | 920731s1903 ne ab a 000 0 fre | ||
| 010 | _a 92892839 | ||
| 040 |
_aDLC _cDLC _dDLC |
||
| 050 | 0 | 0 | _aREF. PL8611.4.B957 |
| 100 | 1 |
_aBurgt, J. M. M. van der _q(Joannes Michael M.), _d1863-1923. _945151 |
|
| 245 | 1 | 0 |
_aDictionnaire français-kirundi _bavec l'indication succincte de la signification swahili et allemande : ouvrage illustré d'une carte, de 252 gravures hors texte et 7 dans le texte, et augmenté d'une introduction et de 196 articles ethnologiques sur l'Urundi et les Warundi / _cpar J.M.M. van der Burgt. |
| 260 |
_aBois-le-Duc (Hollande) : _bSociété "L'Illustration Catholique", _c1903. |
||
| 300 |
_acxix, 647 p. : _bill., 1 map ; _c26 cm. |
||
| 500 | _aCall number of original: PL8611.4.B8. | ||
| 500 | _aMaster microform held by: DLC. | ||
| 533 |
_aMicrofilm. _bWashington, D.C. : _cLibrary of Congress Preservation Microfilming Program : _cAvailable from Library of Congress Photoduplication Service, _d1992. _e1 microfilm reel ; 35 mm. |
||
| 650 |
_aFrench language _xDictionary _xKirundi _945152 |
||
| 776 | 1 |
_cOriginal _w(DLC) 05031951 |
|
| 906 |
_a7 _bcbc _corignew _du _encip _f19 _gy-genmicro |
||
| 942 |
_2lcc _cREFERENCE |
||